[Event "Groningen Festival 2019-A"]
[Site "Groningen"]
[Date "2019.12.21"]
[Round "1.10"]
[White "Krasenkova, Ilena"]
[Black "Vrolijk, Liam"]
[Result "0-1"]
[WhiteElo "2174"]
[BlackElo "2467"]
[Annotator "ChessBase"]
[PlyCount "123"]
[EventDate "2019.12.15"]
[EventType "swiss"]
[EventCountry "NED"]
[SourceTitle "playchess.com"]
[Source "ChessBase"]
[SourceQuality "1"]
[TimeControl "40/5400+30:1800+30"]

1. d4 {[%emt 0:00:00]} Nf6 {[%emt 0:00:01]} 2. c4 {[%emt 0:00:00]} g6 {[%emt 0:01:15]} 3. Nc3 {[%emt 0:00:00]} d5 {[%emt 0:00:06]} 4. cxd5 {[%emt 0:00:01]} Nxd5 {[%emt 0:00:09]} 5. e4 {[%emt 0:00:04]} Nxc3 {[%emt 0:00:08]} 6. bxc3 {[%emt 0:00:04]} Bg7 {[%emt 0:00:08]} 7. Bc4 {[%emt 0:00:38]} c5 {[%emt 0:00:47]} 8. Ne2 {[%emt 0:00:18]} Nc6 {[%emt 0:01:06]} 9. Be3 {[%emt 0:00:11]} O-O {[%emt 0:00:34]} 10. O-O {[%emt 0:00:05]} b6 {[%emt 0:03:19]} 11. Rb1 {[%emt 0:07:39]} cxd4 {[%emt 0:13:50]} 12. cxd4 {[%emt 0:00:05]} e6 {[%emt 0:00:33]} 13. Qd2 {[%emt 0:04:34]} Bb7 {[%emt 0:01:44]} 14. f3 {[%emt 0:01:05]} Rc8 {[%emt 0:01:18]} 15. Rfc1 {[%emt 0:00:37]} Qd6 {[%emt 0:06:47]} 16. e5 {[%emt 0:08:42]} Qe7 {[%emt 0:08:53]} 17. Bb5 {[%emt 0:13:33]} Na5 {[%emt 0:14:22]} 18. Rxc8 {[%emt 0:22:03]} Rxc8 {[%emt 0:01:45]} 19. Rc1 {[%emt 0:00:20]} Rxc1+ {[%emt 0:07:39]} 20. Qxc1 {[%emt 0:00:22]} f6 {[%emt 0:01:06]} 21. Qc3 {[%emt 0:11:38]} a6 {[%emt 0:03:26]} 22. Bd3 {[%emt 0:02:48]} fxe5 {[%emt 0:04:57]} 23. dxe5 {[%emt 0:00:07]} Nc6 {[%emt 0:00:16]} 24. f4 {[%emt 0:04:22]} b5 {[%emt 0:00:53]} 25. Ng3 {[%emt 0:07:04]} Qb4 {[%emt 0:02:25]} 26. Bd2 {[%emt 0:05:34]} Qxc3 {[%emt 0:01:59]} 27. Bxc3 {[%emt 0:00:05]} g5 {[%emt 0:01:09]} 28. fxg5 {[%emt 0:00:32]} Nxe5 {[%emt 0:02:05]} 29. Be4 {[%emt 0:03:08]} Bxe4 {[%emt 0:01:06]} 30. Nxe4 {[%emt 0:00:04]} Nd3 {[%emt 0:00:07]} 31. Bd2 {[%emt 0:02:38]} b4 {[%emt 0:02:10]} 32. Kf1 {[%emt 0:00:06]} a5 {[%emt 0:00:05]} 33. Ke2 {[%emt 0:00:17]} Ne5 {[%emt 0:00:07]} 34. Nc5 {[%emt 0:00:41]} Kf7 {[%emt 0:00:31]} 35. h4 {[%emt 0:01:33]} Bf8 {[%emt 0:00:58]} 36. Nd3 {[%emt 0:01:45]} Nc6 {[%emt 0:00:33]} 37. g4 {[%emt 0:00:37]} a4 {[%emt 0:02:21]} 38. Ke3 {[%emt 0:01:53]} a3 {[%emt 0:03:07]} 39. Nc1 {[%emt 0:00:19]} Ne5 {[%emt 0:00:42]} 40. Ke4 {[%emt 0:02:19]} Nxg4 {[%emt 0:02:48]} 41. Kf4 {[%emt 0:31:57]} Nf6 {[%emt 0:30:24]} 42. Ke5 {[%emt 0:00:00]} Nd5 {[%emt 0:00:00]} 43. h5 {[%emt 0:00:00]} Bg7+ {[%emt 0:00:00]} 44. Ke4 {[%emt 0:00:00]} Bc3 {[%emt 0:00:00]} 45. Kd3 {[%emt 0:00:00]} Bxd2 {[%emt 0:00:00]} 46. Kxd2 {[%emt 0:00:00]} Nf4 {[%emt 0:00:00]} 47. g6+ {[%emt 0:00:00]} hxg6 {[%emt 0:00:00]} 48. hxg6+ {[%emt 0:00:00]} Kxg6 {[%emt 0:00:00]} 49. Kc2 {[%emt 0:00:00]} Kf5 {[%emt 0:00:00]} 50. Kb3 {[%emt 0:00:00]} Ke4 {[%emt 0:00:00]} 51. Kc4 {[%emt 0:00:00]} e5 {[%emt 0:00:00]} 52. Nb3 {[%emt 0:00:00]} Nd3 {[%emt 0:00:00]} 53. Na5 {[%emt 0:02:21]} Ke3 {[%emt 0:00:00]} 54. Nb3 {[%emt 0:01:15]} Ke2 {[%emt 0:06:37]} 55. Kd5 {[%emt 0:00:19]} Kd1 {[%emt 0:00:00]} 56. Kc4 {[%emt 0:01:39]} Kc2 {[%emt 0:00:00]} 57. Na5 {[%emt 0:00:56]} e4 {[%emt 0:00:00]} 58. Kd4 {[%emt 0:00:09]} Nc1 {[%emt 0:00:08]} 59. Kxe4 {[%emt 0:02:16]} b3 {[%emt 0:01:22]} 60. Nc4 {[%emt 0:00:05]} bxa2 {[%emt 0:00:00]} 61. Nxa3+ {[%emt 0:01:08]} Kb3 {[%emt 0:00:00]} 62. Kd4 {[%emt 0:00:41]} 0-1

[Event "Groningen Festival 2019-A"]
[Site "Groningen"]
[Date "2019.12.21"]
[Round "1.11"]
[White "Ulybin, Mikhail"]
[Black "Tabak, Stefan"]
[Result "1-0"]
[WhiteElo "2453"]
[BlackElo "2166"]
[Annotator "ChessBase"]
[PlyCount "105"]
[EventDate "2019.12.15"]
[EventType "swiss"]
[EventCountry "NED"]
[SourceTitle "playchess.com"]
[Source "ChessBase"]
[SourceQuality "1"]
[TimeControl "40/5400+30:1800+30"]

1. c4 {[%emt 0:09:34]} f5 {[%emt 0:00:20]} 2. d4 {[%emt 0:01:28]} Nf6 {[%emt 0:00:09]} 3. g3 {[%emt 0:02:39]} g6 {[%emt 0:00:42]} 4. Bg2 {[%emt 0:01:11]} Bg7 {[%emt 0:00:09]} 5. Nc3 {[%emt 0:01:29]} d6 {[%emt 0:00:26]} 6. d5 {[%emt 0:02:48]} O-O {[%emt 0:00:35]} 7. Nh3 {[%emt 0:01:31]} e5 {[%emt 0:03:57]} 8. dxe6 {[%emt 0:00:56]} c6 {[%emt 0:00:14]} 9. Ng5 {[%emt 0:38:52]} Qe7 {[%emt 0:07:01]} 10. Bf4 {[%emt 0:06:29]} Ne8 {[%emt 0:03:09]} 11. Nf7 {[%emt 0:03:05]} Bxe6 {[%emt 0:02:29]} 12. Nxd6 {[%emt 0:00:53]} Na6 {[%emt 0:21:10]} 13. Nxe8 {[%emt 0:03:49]} Rfxe8 {[%emt 0:00:32]} 14. Bd6 {[%emt 0:03:47]} Qf7 {[%emt 0:16:22]} 15. c5 {[%emt 0:00:57]} Rad8 {[%emt 0:03:13]} 16. Qa4 {[%emt 0:08:10]} Bxc3+ {[%emt 0:01:37]} 17. bxc3 {[%emt 0:00:12]} Bd5 {[%emt 0:00:07]} 18. Bxd5 {[%emt 0:02:11]} Qxd5 {[%emt 0:01:52]} 19. Qb3 {[%emt 0:01:48]} b6 {[%emt 0:01:56]} 20. Rd1 {[%emt 0:04:08]} Qxb3 {[%emt 0:01:04]} 21. axb3 {[%emt 0:00:09]} Nxc5 {[%emt 0:00:34]} 22. Bxc5 {[%emt 0:00:38]} bxc5 {[%emt 0:00:12]} 23. e3 {[%emt 0:03:17]} Kf7 {[%emt 0:01:19]} 24. Ke2 {[%emt 0:00:27]} Ke6 {[%emt 0:00:25]} 25. Ra1 {[%emt 0:00:52]} Rb8 {[%emt 0:05:38]} 26. Rxa7 {[%emt 0:00:54]} Rxb3 {[%emt 0:00:06]} 27. Rxh7 {[%emt 0:00:30]} Rxc3 {[%emt 0:00:54]} 28. Rc7 {[%emt 0:00:37]} Kd6 {[%emt 0:01:25]} 29. Rg7 {[%emt 0:00:09]} Rc2+ {[%emt 0:03:58]} 30. Kf3 {[%emt 0:00:09]} Re6 {[%emt 0:03:27]} 31. Rd1+ {[%emt 0:00:15]} Ke5 {[%emt 0:00:05]} 32. h4 {[%emt 0:00:21]} c4 {[%emt 0:01:45]} 33. Ra7 {[%emt 0:01:20]} Rd6 {[%emt 0:00:43]} 34. Re7+ {[%emt 0:00:34]} Re6 {[%emt 0:00:11]} 35. Ra7 {[%emt 0:00:38]} Rd6 {[%emt 0:00:04]} 36. Re7+ {[%emt 0:00:30]} Re6 {[%emt 0:00:06]} 37. Red7 {[%emt 0:00:27]} Kf6 {[%emt 0:02:10]} 38. Ra7 {[%emt 0:00:37]} Ke5 {[%emt 0:01:58]} 39. Ra5+ {[%emt 0:00:00]} Kf6 {[%emt 0:00:09]} 40. Rc5 {[%emt 0:00:18]} Re5 {[%emt 0:15:09]} 41. Rd6+ {[%emt 0:31:05]} Re6 {[%emt 0:30:08]} 42. Rd4 {[%emt 0:00:36]} c3 {[%emt 0:01:13]} 43. Rdc4 {[%emt 0:00:00]} Rd6 {[%emt 0:00:00]} 44. Rxc3 {[%emt 0:00:00]} Rxc3 {[%emt 0:00:00]} 45. Rxc3 {[%emt 0:00:00]} Re6 {[%emt 0:00:00]} 46. Rc4 {[%emt 0:00:00]} Rd6 {[%emt 0:00:00]} 47. Kf4 {[%emt 0:00:00]} Re6 {[%emt 0:00:00]} 48. f3 {[%emt 0:00:00]} Kg7 {[%emt 0:00:00]} 49. Rd4 {[%emt 0:00:00]} Kf6 {[%emt 0:00:00]} 50. Rd7 {[%emt 0:00:00]} g5+ {[%emt 0:00:00]} 51. hxg5+ {[%emt 0:00:00]} Kg6 {[%emt 0:00:00]} 52. Rc7 {[%emt 0:00:00]} Rd6 {[%emt 0:00:00]} 53. g4 {[%emt 0:00:00]} 1-0

[Event "Groningen Festival 2019-A"]
[Site "Groningen"]
[Date "2019.12.21"]
[Round "1.12"]
[White "Sparenberg, Erik"]
[Black "Lubbe, Nikolas"]
[Result "0-1"]
[WhiteElo "2134"]
[BlackElo "2451"]
[Annotator "TA"]
[PlyCount "38"]
[EventDate "2019.12.15"]
[EventType "swiss"]
[EventCountry "NED"]
[SourceTitle "playchess.com"]
[Source "ChessBase"]
[SourceQuality "1"]

{[%evp 12,38,20,12,22,-26,0,-2,2,-7,-7,-7,0,0,0,-71,-33,-58,-14,-44,-10,-239,-231,-366,-373,-726,-718,-1275,-1241]} 1. d4 Nf6 2. c4 c5 3. d5 e6 4. Nc3 exd5 5. cxd5 d6 6. g3 g6 7. Bg2 Bg7 {A60: Modern Benoni: Early Divergences} 8. e3 (8. Nf3 O-O 9. O-O Re8 10. Bf4 Ne4 11. Nxe4 Rxe4 12. Nd2 Rxf4 13. gxf4 Bxb2 14. Rb1 Bg7 15. e4 Nd7 16. Re1 Bh6 17. e5 Bxf4 18. e6 Ne5 19. Re4 Qf6 {1-0 (31) Yuffa,D (2582)-Saric,I (2703) Skopje 2019}) 8... a6 9. a4 Nbd7 $146 {The position is equal.} ({Predecessor:} 9... O-O 10. Nge2 b6 11. O-O Nbd7 12. f4 Re8 13. Qc2 Ng4 {0-1 (48) Galiakhmedov,A (1861)-Khaziev,A (2053) Ufa 2010}) 10. Nge2 h5 11. h3 c4 12. b3 cxb3 13. O-O (13. Ba3 $11) 13... Nc5 14. Ba3 Nfd7 15. Nd4 O-O $36 {[%mdl 2048] Black is pushing.} 16. f4 $2 (16. Rc1 $11) 16... Re8 $19 17. Qd2 (17. e4 {was worth a try.}) 17... Nb6 {[#] aiming for ...Nc4.} 18. f5 $2 (18. Nd1) 18... Nc4 19. Qf2 Nd3 {Accuracy: White = 23%, Black = 62%.} 0-1

[Event "Groningen Festival 2019-A"]
[Site "Groningen"]
[Date "2019.12.22"]
[Round "2.1"]
[White "Krasenkow, Michal"]
[Black "Maatman, Nick"]
[Result "1-0"]
[WhiteElo "2611"]
[BlackElo "2400"]
[Annotator "TA"]
[PlyCount "65"]
[EventDate "2019.12.15"]
[EventType "swiss"]
[EventCountry "NED"]
[SourceTitle "playchess.com"]
[Source "ChessBase"]
[SourceQuality "1"]

{[%evp 9,65,18,19,34,24,27,27,22,26,21,29,2,4,4,8,9,20,19,29,25,36,33,31,25,27,8,46,34,96,93,122,102,111,95,100,96,97,100,91,106,133,134,227,220,320,316,279,266,371,379,417,408,388,406,716,697,1171,1174]} 1. Nf3 Nf6 2. c4 e6 3. Nc3 d5 4. d4 a6 5. cxd5 exd5 6. Bg5 {D37: Queen's Gambit Declined: 5 Bf4} c6 (6... Be6 7. e3 Nbd7 8. Bd3 c6 9. Qb3 Qb6 10. Qxb6 Nxb6 11. Bxf6 gxf6 12. Nh4 a5 13. O-O-O Bb4 {1-0 (40) So,W (2767)-Demchenko,A (2655) Khanty-Mansiysk 2019}) 7. Qc2 Be6 8. e3 {White has an edge.} Bd6 9. Bd3 Nbd7 10. O-O Qc7 11. Ne2 Nh5 $146 ({Predecessor:} 11... Bg4 12. Ng3 h6 13. Bxf6 Nxf6 {½-½ (34) Sturua,Z (2555)-Lupulescu,C (2631) Minsk 2017}) 12. Ng3 Nxg3 13. hxg3 h6 14. Bf4 g5 15. Bxd6 Qxd6 16. b4 O-O 17. a4 {[%cal Ba2a4,Ba4a5][%mdl 32]} Rfc8 18. Qb2 b5 ({Black should play} 18... Bg4 $14) 19. a5 $16 f6 20. Rac1 Kg7 21. Rc3 Rc7 22. Rfc1 Rac8 23. Bb1 h5 24. Ne1 Nb8 25. Qc2 {Black must now prevent Qg6+.} Kf8 (25... f5 $16) 26. Qg6 $18 {[%mdl 64] [#] Double Attack} Bf7 (26... Qe7 $142 27. Qxh5 Qg7) 27. Qh6+ Ke7 28. e4 Rg8 29. Re3 {aiming for e5!} dxe4 30. Bxe4 Kd8 31. Nd3 Re7 (31... Bc4 $142 32. Nc5 Qf8 33. Qxf8+ Rxf8 34. Rxc4 {[%mdl 64] Remove Defender} bxc4 35. Ne6+ {[%mdl 64] Double Attack} Ke7 36. Nxc7 Kd6) 32. Nc5 Rge8 33. Rf3 {Accuracy: White = 80%, Black = 42%.} 1-0

[Event "Groningen Festival 2019-A"]
[Site "Groningen"]
[Date "2019.12.22"]
[Round "2.2"]
[White "Kollen, Zyon"]
[Black "Sargsyan, Shant"]
[Result "0-1"]
[WhiteElo "2347"]
[BlackElo "2601"]
[Annotator "TA"]
[PlyCount "94"]
[EventDate "2019.12.15"]
[EventType "swiss"]
[EventCountry "NED"]
[SourceTitle "playchess.com"]
[Source "ChessBase"]
[SourceQuality "1"]

{[%evp 20,94,35,18,41,25,37,32,37,27,15,17,15,12,27,13,29,4,8,25,17,21,20,18,8,0,41,-46,-16,-72,-72,-80,-46,-68,-31,-51,-48,-87,-73,-75,0,-39,-43,-38,-50,-155,-154,-159,-158,-134,-148,-118,0,-195,-183,-196,-195,-185,-181,-215,-206,-395,-60,-62,-82,-292,-285,-574,-574,-574,-572,-533,-519,-795,-750,-854,-801]} 1. e4 c5 2. Nf3 d6 3. d4 cxd4 4. Nxd4 Nf6 5. Nc3 Nc6 6. Bg5 e6 7. Qd2 a6 8. O-O-O Bd7 9. f3 Be7 10. Kb1 Qc7 11. h4 h6 {B67: Sicilian: Richter-Rauzer: 7...a6 8 0-0-0 Bd7, lines without 9 f4 Be7} 12. Be3 h5 13. Nxc6 Bxc6 {White is slightly better.} 14. Bf4 {[%cal Rf4d6]} Rd8 $1 15. Qe1 b5 16. Bd3 $146 ({Predecessor:} 16. a3 O-O 17. Qg3 Rfe8 18. Be2 {1-0 (42) Grennefors,T (2179)-Petrov,M (2654) LSS email 2008}) 16... Nd7 17. Qg3 g6 18. Rhe1 Ne5 19. Bg5 Bxg5 20. Qxg5 Qe7 21. Qg3 O-O 22. Bf1 Qf6 (22... b4 $5 {[%cal Rb4c3]} 23. Ne2 Bb5 $11) 23. f4 ({White should play} 23. a3 $14) 23... Ng4 $15 24. Bd3 (24. a3 $11 {remains equal.}) 24... b4 $17 25. Ne2 e5 26. Rf1 exf4 27. Rxf4 Qe5 28. Ng1 a5 29. Nf3 Qg7 (29... Qc5 $17) 30. Rf1 a4 {aiming for ...a3.} 31. Qe1 Rb8 {White must now prevent ...a3.} 32. e5 (32. Qc1 $15) 32... dxe5 33. Rxb4 {[#]} e4 $1 {[%cal Re4d3][%mdl 512]} 34. Bxe4 Rfe8 $1 35. Ng5 {[#]} Bxe4 (35... a3 $1 $17 {[%mdl 512] Hoping for ...Bxe4.} 36. Rxf7 (36. bxa3 Qd4) 36... Qe5 37. bxa3 Bxe4 38. Qxe4 Qxe4 39. Nxe4 Kxf7 40. Nd6+ Ke6 41. Nxe8 Rxe8) 36. Nxe4 $2 {[#]} (36. Qxe4 $11 {and White is okay.} a3 37. c3 (37. bxa3 Ne3 $11)) 36... a3 $1 $19 {[%mdl 512]} 37. Rxb8 (37. bxa3 f5) 37... Rxb8 {[%csl Ga3,Gb8][%cal Rg7b2]} 38. Qc3 Rxb2+ $40 {[%mdl 128] Black attacks with force.} 39. Kc1 Rxa2 {Strongly threatening ...Ra1+.} 40. Rf6 $2 (40. Nf6+ {was necessary.} Nxf6 41. Rxf6) 40... Rb2 $2 (40... Qh6+ $19 41. Kd1 Ne3+ {[%mdl 64] Double Attack} 42. Ke1 Nxc2+ 43. Ke2 Rb2) 41. Qxa3 $15 Rb8 42. Rf3 $2 (42. Qa7 $17 {was the only defense.} Rf8 43. Rd6) 42... Qd4 $19 43. Rb3 $2 (43. Nd2) 43... Rxb3 {Black is clearly winning.} 44. Qa8+ {[#]} Kg7 $1 {( -> ...Qe3+)} 45. cxb3 {[#]} Qg1+ $1 46. Kb2 (46. Kd2 $142 Qxg2+ 47. Kd3) 46... Qxg2+ 47. Ka3 Nf6 {Accuracy: White = 40%, Black = 63%.} 0-1

[Event "Groningen Festival 2019-A"]
[Site "Groningen"]
[Date "2019.12.22"]
[Round "2.3"]
[White "Ernst, Sipke"]
[Black "De Jong, Migchiel"]
[Result "1-0"]
[WhiteElo "2541"]
[BlackElo "2326"]
[Annotator "TA"]
[PlyCount "87"]
[EventDate "2019.12.15"]
[EventType "swiss"]
[EventCountry "NED"]
[SourceTitle "playchess.com"]
[Source "ChessBase"]
[SourceQuality "1"]

{[%evp 10,87,30,14,41,8,13,-6,-6,-13,-7,-13,-11,-39,-20,-41,-42,-42,-44,-43,-31,-35,-29,-57,-13,-41,-19,-183,-170,-232,-222,-225,-209,-400,0,0,0,0,0,0,0,0,0,0,84,84,126,129,116,116,100,106,452,462,429,321,479,440,612,590,584,603,648,637,954,950,1633,1535,29980,29981,29983,29984,29984,29985,29985,29986,29986,29987,29987,29988]} 1. d4 e6 2. c4 Bb4+ 3. Nd2 Nf6 4. Ngf3 O-O 5. a3 Be7 6. e4 d6 {E11: Bogo-Indian} 7. b3 (7. Be2 Nbd7 8. Qc2 c5 9. d5 e5 10. Nf1 a6 11. Ng3 g6 12. O-O Ne8 13. b4 Ng7 14. Bh6 {1-0 (53) Karjakin,S (2750)-Carlsen,M (2882) Saint Louis 2019}) 7... c5 8. dxc5 dxc5 {The position is equal.} 9. e5 Nfd7 10. Bb2 Nc6 11. Qe2 f6 $146 ({Predecessor:} 11... Qc7 12. g3 a6 13. Bg2 b5 14. O-O {1-0 (41) Duzhakov,I (2424)-Azimov,I (2138) St Petersburg 2017}) 12. exf6 Bxf6 13. O-O-O Bxb2+ 14. Kxb2 Qf6+ 15. Ka2 a5 16. Ne4 Qe7 17. Nc3 $1 Nb6 18. Qc2 $2 (18. a4 $1 $11) 18... a4 19. bxa4 (19. Bd3 {was necessary.} Nd4 20. Nxd4 (20. Bxh7+ Kh8 $17) 20... cxd4 21. Nxa4 (21. Bxh7+ Kh8 $17)) 19... Bd7 $1 $19 20. Bd3 Nxa4 {White must now prevent ...Nb4+!} 21. Nb5 $2 (21. Nxa4 $2 Nb4+ $1 {[%mdl 512]} 22. axb4 Bxa4 $19) ({Of course not} 21. Bxh7+ Kh8 $17) (21. Qc1) 21... Nd4 $2 ({Black should try} 21... Kh8 $19 22. Bxh7 Nb4+ $1 {[%mdl 512]} 23. axb4 Bxb5 24. cxb5 Qf6) 22. Nbxd4 (22. Nfxd4 $2 cxd4 23. Nxd4 Rxf2 $1 $19 {[%mdl 512]}) 22... cxd4 23. Bxh7+ ({Wrong is} 23. Nxd4 $2 Rxf2 $1 {[%mdl 512]} 24. Ne2 Qf6 $19) 23... Kh8 {( -> ...Nc3+)} 24. Rxd4 {Hoping for Bg6.} ({Don't blunder} 24. Nxd4 $2 {[#]} Rxf2 $3 {[%mdl 512]} 25. Rd2 Nb6 $1 $19 {[%mdl 512]}) 24... e5 25. Rxd7 Qxd7 26. Re1 $1 {[%cal Re1e3] And now Re3 would win.} Rxf3 (26... Nc3+ $11 {remains equal.} 27. Qxc3 Kxh7) 27. gxf3 $16 Qd4 28. Re3 {Threatens to win with f4!} Nc5 29. Be4 Ra6 30. Bd5 {f4! is the strong threat.} b5 $2 {[%mdl 8192]} (30... g6 $16) 31. f4 $18 g6 32. Qb2 Qxb2+ 33. Kxb2 exf4 {[%mdl 4096] Endgame KRB-KRN} 34. Re8+ Kg7 35. cxb5 Rd6 36. Bc4 Rd2+ 37. Kc3 Rxf2 38. Kb4 Rxh2 39. Kxc5 {KRB-KR. White mates.} g5 40. b6 Rb2 41. a4 {[%cal Ba3a4,Ba4a5,Ba5a6][%mdl 32]} f3 42. Rg8+ Kh6 43. a5 f2 44. a6 {Accuracy: White = 59%, Black = 57%.} 1-0

[Event "Groningen Festival 2019-A"]
[Site "Groningen"]
[Date "2019.12.22"]
[Round "2.4"]
[White "Kumar, Nikhil"]
[Black "Fier, Alexandr"]
[Result "0-1"]
[WhiteElo "2315"]
[BlackElo "2528"]
[Annotator "ChessBase"]
[PlyCount "128"]
[EventDate "2019.12.15"]
[EventType "swiss"]
[EventCountry "NED"]
[SourceTitle "playchess.com"]
[Source "ChessBase"]
[SourceQuality "1"]
[TimeControl "40/5400+30:1800+30"]

1. d4 {[%emt 0:00:00]} Nf6 {[%emt 0:00:00]} 2. c4 {[%emt 0:00:00]} g6 {[%emt 0:00:00]} 3. Nc3 {[%emt 0:00:00]} d5 {[%emt 0:00:00]} 4. Bf4 {[%emt 0:00:11]} Bg7 {[%emt 0:00:00]} 5. e3 {[%emt 0:00:09]} c5 {[%emt 0:00:00]} 6. dxc5 {[%emt 0:00:08]} Qa5 {[%emt 0:00:00]} 7. Rc1 {[%emt 0:00:23]} O-O {[%emt 0:00:00]} 8. Nf3 {[%emt 0:01:43]} Nbd7 {[%emt 0:03:41]} 9. cxd5 {[%emt 0:11:23]} Ne4 {[%emt 0:00:05]} 10. Be2 {[%emt 0:04:08]} Nxc3 {[%emt 0:00:15]} 11. bxc3 {[%emt 0:04:18]} Bxc3+ {[%emt 0:00:12]} 12. Kf1 {[%emt 0:00:10]} Nxc5 {[%emt 0:00:04]} 13. Ne5 {[%emt 0:15:20]} Ne4 {[%emt 0:09:49]} 14. Nc4 {[%emt 0:13:39]} Qxa2 {[%emt 0:02:19]} 15. Rc2 {[%emt 0:06:34]} Qb3 {[%emt 0:02:34]} 16. f3 {[%emt 0:09:32]} Nc5 {[%emt 0:08:10]} 17. Qc1 {[%emt 0:04:50]} Na4 {[%emt 0:00:48]} 18. Nd2 {[%emt 0:02:10]} Qb4 {[%emt 0:09:54]} 19. Ne4 {[%emt 0:02:19]} Bg7 {[%emt 0:00:06]} 20. Rc4 {[%emt 0:01:07]} Qa5 {[%emt 0:01:05]} 21. Qa3 {[%emt 0:04:11]} Bd7 {[%emt 0:02:04]} 22. Qxe7 {[%emt 0:03:38]} Nb6 {[%emt 0:04:36]} 23. Rc1 {[%emt 0:05:15]} Bb5 {[%emt 0:03:40]} 24. Qc5 {[%emt 0:06:09]} Rac8 {[%emt 0:01:54]} 25. Bc7 {[%emt 0:00:27]} Bxe2+ {[%emt 0:06:01]} 26. Kxe2 {[%emt 0:00:02]} Qxc5 {[%emt 0:00:08]} 27. Rxc5 {[%emt 0:00:11]} Nxd5 {[%emt 0:00:02]} 28. Rhc1 {[%emt 0:02:00]} Nxc7 {[%emt 0:02:21]} 29. Rxc7 {[%emt 0:00:21]} Rxc7 {[%emt 0:00:02]} 30. Rxc7 {[%emt 0:00:03]} Rb8 {[%emt 0:00:04]} 31. Nc5 {[%emt 0:01:10]} Be5 {[%emt 0:02:31]} 32. Rxb7 {[%emt 0:00:19]} Rxb7 {[%emt 0:00:04]} 33. Nxb7 {[%emt 0:00:03]} Bxh2 {[%emt 0:00:04]} 34. f4 {[%emt 0:00:22]} g5 {[%emt 0:00:27]} 35. Kf3 {[%emt 0:04:11]} gxf4 {[%emt 0:00:03]} 36. exf4 {[%emt 0:00:01]} Bg1 {[%emt 0:00:05]} 37. Na5 {[%emt 0:00:40]} Bb6 {[%emt 0:00:55]} 38. Nc4 {[%emt 0:00:40]} Bc7 {[%emt 0:00:03]} 39. Ke4 {[%emt 0:01:04]} a5 {[%emt 0:00:05]} 40. Nb2 {[%emt 0:00:04]} Kg7 {[%emt 0:00:24]} 41. g4 {[%emt 0:04:55]} Kg6 {[%emt 0:00:40]} 42. Na4 {[%emt 0:00:39]} h6 {[%emt 0:01:45]} 43. Nc3 {[%emt 0:00:38]} Bd6 {[%emt 0:00:05]} 44. Na4 {[%emt 0:00:55]} Ba3 {[%emt 0:00:03]} 45. Nb6 {[%emt 0:02:46]} Bb4 {[%emt 0:00:06]} 46. Nd5 {[%emt 0:00:52]} Bd2 {[%emt 0:00:31]} 47. Nb6 {[%emt 0:00:29]} Kf6 {[%emt 0:00:06]} 48. Nc4 {[%emt 0:04:08]} Be1 {[%emt 0:00:56]} 49. Nb2 {[%emt 0:04:07]} Ke6 {[%emt 0:00:17]} 50. Nd3 {[%emt 0:00:50]} Bc3 {[%emt 0:00:39]} 51. Nc5+ {[%emt 0:00:55]} Kd6 {[%emt 0:00:06]} 52. Nb7+ {[%emt 0:01:20]} Kc7 {[%emt 0:00:22]} 53. Nc5 {[%emt 0:05:26]} Kc6 {[%emt 0:00:09]} 54. Nd3 {[%emt 0:04:45]} a4 {[%emt 0:00:14]} 55. Nc1 {[%emt 0:00:08]} a3 {[%emt 0:00:06]} 56. Kd3 {[%emt 0:00:37]} Bb2 {[%emt 0:00:08]} 57. Na2 {[%emt 0:00:09]} Kc5 {[%emt 0:00:19]} 58. Kc2 {[%emt 0:00:29]} Kc4 {[%emt 0:01:02]} 59. Kb1 {[%emt 0:00:52]} Kb3 {[%emt 0:01:06]} 60. g5 {[%emt 0:00:05]} h5 {[%emt 0:00:44]} 61. f5 {[%emt 0:00:04]} h4 {[%emt 0:00:04]} 62. g6 {[%emt 0:00:03]} fxg6 {[%emt 0:01:58]} 63. fxg6 {[%emt 0:00:47]} h3 {[%emt 0:00:05]} 64. Nc1+ {[%emt 0:00:17]} Bxc1 {[%emt 0:00:13]} 0-1

[Event "Groningen Festival 2019-A"]
[Site "Groningen"]
[Date "2019.12.22"]
[Round "2.5"]
[White "Van Foreest, Lucas"]
[Black "Elgersma, Onno"]
[Result "1-0"]
[WhiteElo "2526"]
[BlackElo "2319"]
[Annotator "ChessBase"]
[PlyCount "79"]
[EventDate "2019.12.15"]
[EventType "swiss"]
[EventCountry "NED"]
[SourceTitle "playchess.com"]
[Source "ChessBase"]
[SourceQuality "1"]
[TimeControl "40/5400+30:1800+30"]

1. d4 {[%emt 0:04:05]} d5 {[%emt 0:00:00]} 2. c4 {[%emt 0:00:17]} e6 {[%emt 0:00:00]} 3. Nf3 {[%emt 0:00:10]} Nf6 {[%emt 0:00:01]} 4. g3 {[%emt 0:00:08]} Be7 {[%emt 0:00:07]} 5. Bg2 {[%emt 0:00:07]} O-O {[%emt 0:00:07]} 6. Nc3 {[%emt 0:00:06]} dxc4 {[%emt 0:04:41]} 7. Ne5 {[%emt 0:00:21]} Nc6 {[%emt 0:08:18]} 8. Bxc6 {[%emt 0:00:09]} bxc6 {[%emt 0:00:05]} 9. Nxc6 {[%emt 0:00:04]} Qe8 {[%emt 0:00:08]} 10. Nxe7+ {[%emt 0:00:07]} Qxe7 {[%emt 0:00:03]} 11. Qa4 {[%emt 0:00:06]} c5 {[%emt 0:00:33]} 12. dxc5 {[%emt 0:00:45]} Qxc5 {[%emt 0:00:13]} 13. Be3 {[%emt 0:00:11]} Qc7 {[%emt 0:03:14]} 14. f3 {[%emt 0:00:26]} Bb7 {[%emt 0:06:11]} 15. Rd1 {[%emt 0:00:10]} Nd5 {[%emt 0:02:48]} 16. Nxd5 {[%emt 0:00:53]} exd5 {[%emt 0:00:23]} 17. Bd4 {[%emt 0:00:34]} Rfe8 {[%emt 0:01:08]} 18. Kf2 {[%emt 0:00:33]} Re6 {[%emt 0:07:38]} 19. Qb4 {[%emt 0:02:05]} Rae8 {[%emt 0:03:18]} 20. Rde1 {[%emt 0:00:37]} f6 {[%emt 0:08:11]} 21. Qd2 {[%emt 0:09:04]} a6 {[%emt 0:03:52]} 22. g4 {[%emt 0:01:14]} Qf7 {[%emt 0:03:53]} 23. Rhg1 {[%emt 0:02:45]} R8e7 {[%emt 0:02:46]} 24. h4 {[%emt 0:05:53]} Qg6 {[%emt 0:11:23]} 25. Rg2 {[%emt 0:02:09]} Bc6 {[%emt 0:04:15]} 26. g5 {[%emt 0:10:25]} f5 {[%emt 0:01:30]} 27. Qf4 {[%emt 0:00:22]} Qh5 {[%emt 0:09:04]} 28. e3 {[%emt 0:01:38]} Bd7 {[%emt 0:00:36]} 29. Rh1 {[%emt 0:02:25]} Re8 {[%emt 0:02:16]} 30. Rc1 {[%emt 0:06:17]} R6e7 {[%emt 0:01:27]} 31. b3 {[%emt 0:03:10]} Be6 {[%emt 0:00:52]} 32. g6 {[%emt 0:05:20]} h6 {[%emt 0:00:40]} 33. Rg3 {[%emt 0:00:36]} Rb7 {[%emt 0:05:08]} 34. Kg2 {[%emt 0:00:51]} a5 {[%emt 0:01:03]} 35. Rc2 {[%emt 0:01:30]} Rc8 {[%emt 0:05:19]} 36. bxc4 {[%emt 0:00:51]} dxc4 {[%emt 0:00:17]} 37. Rb2 {[%emt 0:01:08]} Rxb2+ {[%emt 0:04:10]} 38. Bxb2 {[%emt 0:00:05]} Bd5 {[%emt 0:01:09]} 39. Qe5 {[%emt 0:00:16]} Bxf3+ {[%emt 0:00:48]} 40. Kf2 {[%emt 0:00:09]} 1-0